00611nam a22002057a 450000500170000001000130001702000230003003500130005303700160006604000120008208200130009424501020010726000360020927000420024530000320028765000190031965000260033870000210036470000200038520170124110111.0 aB-036152 c140.00a8178050153 aB-036152 bCen Lib/Ret aDPLbEN a954bSPE aSpectrum's question bank Indian history /ccompiled by A.V.Lavaly Nath; edited by Kalpana Rajaram aNew DelhibSpectrum Indiac2001 aC2D-61A, Janakpurie110058bNew Delhi aiii,263p. :c23cm(Hb)bill. aIndia--History aHistory question bank aNath, A.V.Lavaly aKalpana Rajaram